Veinticinco años de crítica
Saved in:
| Hovedforfatter: | |
|---|---|
| Format: | Bog |
| Sprog: | spansk |
| Udgivet: |
Santiago
Zig-Zag
1992
|
| Udgivelse: | 1a. ed |
| Serier: | Colección Temas de Hoy
|
| Fag: | |
| Tags: |
Tilføj Tag
Ingen Tags, Vær først til at tagge denne postø!
|
MARC
| LEADER | 00000cam a2200000 a 4500 | ||
|---|---|---|---|
| 001 | UCX4853 | ||
| 003 | CL-VaPUC | ||
| 008 | 920803e19920000CL |||||||||||||||||spa|d | ||
| 020 | |a 9561206529 | ||
| 082 | 0 | 4 | |a 809 |b VAL |2 21 |
| 100 | 0 | |a Valente, Ignacio |e author |9 321124 | |
| 245 | 1 | 0 | |a Veinticinco años de crítica |
| 250 | |a 1a. ed | ||
| 300 | |a 293 p | ||
| 942 | |c BK | ||
| 945 | |d 19920803 00:00:00 | ||
| 260 | |a Santiago |b Zig-Zag |c 1992 | ||
| 500 | |a Igancio Valente es el seudonimo de Jose Miguel Ibañez Langlois | ||
| 650 | 0 | |a Crítica literaria |9 269189 | |
| 583 | |a last modification |c 20171016 10:24:47 |k Rodrigo Vera | ||
| 490 | 0 | |a Colección Temas de Hoy | |
| 999 | |c 225228 |d 225226 | ||
| 952 | |0 0 |1 0 |4 0 |6 809_000000000000000_VAL_1992 |7 0 |8 A |9 222583 |a BIBEDU |b BIBEDU |d 2019-11-15 |i 2913895 |o 809 VAL 1992 |p 2913895 |r 2019-11-15 |w 2019-11-15 |y BK |k LIT | ||
| 952 | |0 0 |1 0 |4 0 |6 809_000000000000000_VAL_1992 |7 0 |8 A |9 222584 |a FDOPOS |b FDOPOS |d 2019-11-15 |i 1318993 |o 809 VAL 1992 |p 1318993 |r 2025-01-22 |w 2019-11-15 |y BK |k MLH | ||
| 952 | |0 0 |1 0 |3 erb |4 0 |6 809_000000000000000_VAL_1992 |7 0 |8 A |9 222585 |a BIBEDU |b BIBEDU |i 5429625 |o 809 VAL 1992 |p 5429625 |r 2019-11-15 |w 2019-11-15 |y BK |z Catalogado en:20171020 |k LIT | ||